|
|
|
|
| LEADER |
00000nab a2200000 a 4500 |
| 001 |
vtls000801253 |
| 003 |
SK-MaSNL |
| 005 |
20260302152209.0 |
| 008 |
160314c2002 xo 0 hun |
| 015 |
|
|
|a SNBRB2002/07-22959
|
| 035 |
|
|
|a CLN000152908
|
| 040 |
|
|
|a SNKBUCL
|b slo
|c SNKBUCL
|e AACR2
|
| 041 |
0 |
|
|a slo
|
| 044 |
|
|
|a xo
|c SK
|
| 080 |
|
|
|a 894.511-3(087.5)=945.11
|2 UDC-MRF-SK2
|
| 100 |
1 |
|
|a Gyurkovics, Tibor,
|d 1931-2008
|4 aut
|9 122341
|
| 245 |
1 |
0 |
|a A tanár úr notesza
|c Gyurkovics Tibor ; illusztrálta Kovács Erzsébet
|
| 300 |
|
|
|b Obr.
|
| 650 |
0 |
7 |
|a príbehové prózy, maďarské
|2 snkbucl
|9 72843
|
| 700 |
1 |
|
|a Kovács, Erzsébet
|4 ill
|9 688176
|
| 773 |
0 |
|
|x 1335-6593
|t Tábortűz
|g Roč. 51, č. 10 (2002), s. 24
|
| 850 |
|
|
|a Slovenská národná knižnica v Martine
|
| 852 |
|
|
|a SNK
|b KIS3GCP
|
| 958 |
|
|
|a HU
|
| 958 |
|
|
|a LX
|
| 958 |
|
|
|a DB
|
| 958 |
|
|
|a RBX
|
| 999 |
|
|
|c 1362021
|d 1363951
|